000 00510nam a22001817a 4500
003 CEME
005 20210628205110.0
008 210120b xxu||||| |||| 00| 0 eng d
040 _c.
082 _a320.3 COM
100 _aAlmond, Gabriel A, Powell, G.Bingham, Strom, Kaare
_973885
245 _aComparative politics today, a world view
250 _a8TH
260 _aRAWALPINDI
_bNATIONAL BOOK FOUNDATION
_c2007
300 _aXXI,808 P
650 _aCOMPARATIVE POLITICS TODAY
_973886
942 _cBK
_2ddc
999 _c579507
_d579507